000 00419nam a2200145Ia 4500
005 20260328101451.0
008 260328s9999||||xx |||||||||||||| ||und||
100 _aTonucci, Francesco
245 0 _aLa Ciudad de los niños :
_b Un modo Nuevo de pensar en la Ciudad /
_cFrancesco Tonucci
250 _a2a ed.
260 _bFundación Germán Sánchez Rupiérrez
300 _a220 p.
650 _aURBANISMO
942 _cBK
999 _c8677
_d8677